[Proyecto Estrategia siglo XXI]
Guardado en:
| 格式: | 圖書 |
|---|---|
| 語言: | Spanish |
| 出版: |
[San José, Costa Rica] : Litogr. e impr. CONLITH
2006.
|
| 叢編: | Estrategia siglo XXI
|
| 主題: | |
| 標簽: |
添加標簽
沒有標簽, 成為第一個標記此記錄!
|
MARC
| LEADER | 00000nam a2200000Ia 4500 | ||
|---|---|---|---|
| 003 | 000268 | ||
| 005 | 20221231144016.0 | ||
| 008 | 140114s2006 cr a 000 ||spa d | ||
| 020 | |a 9968940011 | ||
| 040 | |c cru CEDI | ||
| 082 | |a 303.483 P969p | ||
| 245 | |a [Proyecto Estrategia siglo XXI] | ||
| 260 | |a [San José, Costa Rica] : Litogr. e impr. CONLITH |c 2006. | ||
| 300 | |a La Biblioteca contiene: v.1, v.2, v.3 | ||
| 440 | |a Estrategia siglo XXI |9 20619 | ||
| 500 | |a Título tomado de la contraportada Vol. I. Estrategia siglo XXI: conocimiento e innovación hacia el 2050 en Costa Rica Vol. II Visión de la ciencia y la tecnología en Costa Rica: una construcción colectiva Vol. III. Situación actual de la ciencia y la tecnología en Costa Rica: aportes para su diagnóstico | ||
| 650 | |x DESARROLLO CIENTIFICO Y TECNOLOGICO |x INVESTIGACIONES |x COSTA RICA |9 20618 | ||
| 942 | |2 ddc |c BK | ||
| 999 | |c 15558 |d 15558 | ||



